[Event "Salon de Provence op 7th"]
[Site "Salon de Provence"]
[Date "2016.07.10"]
[Round "3"]
[White "Charvein, Gabriel"]
[Black "Kolb, Sebastien"]
[Result "0-1"]
[WhiteElo "1951"]
[BlackElo "2058"]
[PlyCount "58"]
[EventDate "2016.07.09"]
[EventType "swiss"]
[EventRounds "9"]
[EventCountry "FRA"]
[SourceTitle "EXT 2019"]
[Source "ChessBase"]
[SourceDate "2018.10.10"]
[SourceVersion "1"]
[SourceVersionDate "2018.10.10"]
[SourceQuality "1"]

1. e4 c5 2. a3 g6 3. b4 Bg7 4. c3 d5 5. Qb3 dxe4 6. Bc4 e6 7. f3 Nf6 8. fxe4 Nxe4 9. Nf3 0-0 10. d3 Nd6 11. bxc5 Nxc4 12. Qxc4 e5 13. Bg5 Qc7 14. d4 exd4 15. cxd4 Re8+ 16. Kf2 Be6 17. Re1 Nd7 18. Rxe6 Rxe6 19. Nc3 Qa5 20. Bd2 Qa6 21. Nb5 Rae8 22. Rf1 Qc6 23. Kg1 a6 24. Nc3 b5 25. Qb3 Nxc5 26. dxc5 Qxc5+ 27. Kh1 Qc4 28. Qxc4 bxc4 29. Nd5 Rd6 0-1

[Event "Bouches du Rhone-ch 1415"]
[Site "Vitrolles"]
[Date "2014.10.04"]
[Round "1"]
[White "Baroyan, Davit"]
[Black "Charvein, Gabriel"]
[Result "1-0"]
[WhiteElo "1734"]
[BlackElo "1883"]
[PlyCount "39"]
[EventDate "2014.10.04"]
[EventType "tourn"]
[EventRounds "9"]
[EventCountry "FRA"]
[SourceTitle "EXT 2016"]
[Source "ChessBase"]
[SourceDate "2015.10.08"]
[SourceVersion "1"]
[SourceVersionDate "2015.10.08"]
[SourceQuality "1"]

1. e4 c5 2. Nf3 d6 3. d4 cxd4 4. Nxd4 Nf6 5. Nc3 g6 6. Be3 Bg7 7. f3 0-0 8. Qd2 Nc6 9. 0-0-0 Re8 10. Be2 Bd7 11. g4 Ne5 12. h4 Rc8 13. h5 Nc4 14. Bxc4 Rxc4 15. hxg6 hxg6 16. Qh2 Bxg4 17. fxg4 Nxg4 18. Qh7+ Kf8 19. Rdf1 e5 20. Qxg6 1-0